000 006820000a22001210004500
100 1 _aRajan, RT
245 1 0 _aLos recursos naturales y los medios de subsistencia.
300 _ano.82 (ago.,2010), p. 3
520 _a"No hemos heredado el mundo de nuestros antepasados, lo hemos tomado prestado de nuestros hijos". Este refrán Kashmiri enfatiza nuestra responsabilidad de cuidar de la naturaleza en toda su diversidad. La intervención del ser humamo en la naturaleza ha provocado contaminación, ha contribuido con el cambio climático y ha llevado al uso insostenible y a la destrucción de los recursos naturales.
650 1 4 _aNATURALEZA
773 0 _tPaso a Paso
942 _cANA
999 _c63286
_d63286